00773nam a2200205 i 450000100060000000300090000600500170001500700030003200800410003510000270007624501400010325000150024326000410025830000340029970000360033370000220036985200330039199900170042495201260044174967ES-MaACL20230906172313.0t|040921s1979 xxu ||||1| spa d1 aGoth, Andrés.95928010aFarmacología médica b: principios y conceptos / cAndrés Goth, Parkhurst Allan Shore ; revisión en castellano S. Erill Sáez. a[8ª ed.]. aSaint Louis, etc. : bMosby, c1979. aIX, 742 p. : bil. ; c26 cm.1 aShore, Parkhurst Allan.91061521 aErill, S.9147081 aES-MaACLjC-21807 bR.100061 c74967d74967 00104070aATENEOMbATENEOMcGaleríad2008-01-17eSCl0oC-21807p1078470r2023-02-23 00:00:00w2023-02-23yMONOGRAFIA